[Event "OLNN 1718 Lübecker SV - Schachfreunde "]
[Site "?"]
[Date "2018.04.15"]
[Round "9.5"]
[White "Zimmermann, Martin"]
[Black "Lampe, Dirk"]
[Result "1/2-1/2"]
[WhiteElo "2137"]
[BlackElo "2203"]
[PlyCount "62"]
[EventDate "2018.??.??"]

1. d4 Nf6 2. Nf3 g6 3. g3 Bg7 4. Bg2 O-O 5. O-O d6 6. c4 Nbd7 7. Nc3 e5 8. dxe5
dxe5 9. Qc2 Re8 10. e4 c6 11. h3 Nf8 12. Be3 Qe7 13. Nd2 Ne6 14. Ne2 h5 15. f3
h4 16. g4 Nh7 17. Nb3 Bf6 18. Rad1 Bg5 19. Bf2 Nhf8 20. Nbc1 b6 21. Nd3 Nd7 22.
Qc3 Nec5 23. Nec1 Nb7 24. Qb4 c5 25. Qa4 Nb8 26. Ne2 Bd7 27. Qa3 Nc6 28. b3 a5
29. Nc3 Nb4 30. Qb2 Bc6 31. a4 Rad8 1/2-1/2

[Event "OLNN 1718 Lübecker SV - Schachfreunde "]
[Site "?"]
[Date "2018.04.15"]
[Round "9.6"]
[White "Svane, Frederik"]
[Black "Jaeckle, Marco"]
[Result "1-0"]
[WhiteElo "2234"]
[BlackElo "2235"]
[PlyCount "67"]
[EventDate "2018.??.??"]

1. e4 e6 2. d4 d5 3. Nd2 dxe4 4. Nxe4 Qd5 5. Nc3 Bb4 6. Nge2 c5 7. a3 Bxc3+ 8.
Nxc3 Qxd4 9. Qxd4 cxd4 10. Nb5 Na6 11. Nxd4 Nc7 12. Bf4 Nd5 13. Bg3 a6 14. c4
Nde7 15. Be2 Nh6 16. O-O-O Nhf5 17. Nxf5 Nxf5 18. Bc7 Bd7 19. Rd2 Rc8 20. Bb6
Bc6 21. Rhd1 Bxg2 22. Rd8+ Ke7 23. R1d7+ Kf6 24. Rxh8 Rxh8 25. f3 g5 26. Kd2 h5
27. Ke1 g4 28. Kf2 Bh1 29. Rxb7 h4 30. Rd7 Bxf3 31. Bxf3 gxf3 32. Bd8+ Ke5 33.
Kxf3 Nd4+ 34. Rxd4 1-0

[Event "OLNN 1718 Lübecker SV - Schachfreunde "]
[Site "?"]
[Date "2018.04.15"]
[Round "9.7"]
[White "Dietz, Juergen"]
[Black "Poghosyan, Tigran"]
[Result "0-1"]
[WhiteElo "2166"]
[BlackElo "2185"]
[PlyCount "80"]
[EventDate "2018.??.??"]

1. f4 d5 2. Nf3 Nf6 3. g3 g6 4. Bg2 Bg7 5. d3 O-O 6. O-O c6 7. c3 Qb6+ 8. Kh1
Ng4 9. Na3 Nf2+ 10. Rxf2 Qxf2 11. d4 Nd7 12. Nc2 Nf6 13. Be3 Ne4 14. Ng5 Nxg3+
15. hxg3 Qxg3 16. Qe1 Qg4 17. Bd2 h6 18. Nf3 f6 19. Nh2 Qf5 20. e4 dxe4 21.
Bxe4 Qh5 22. d5 cxd5 23. Bf3 Qf5 24. Ne3 Qxf4 25. Bxd5+ e6 26. Bf3 g5 27. Rd1
Qc7 28. Nc2 a6 29. Be3 f5 30. Qf2 g4 31. Bb6 Qf7 32. Bg2 Qg6 33. Bc7 e5 34. Rd6
Qg5 35. Qd2 f4 36. Bd8 Qh5 37. Bd5+ Kh8 38. Kg1 f3 39. Qf2 g3 40. Qxg3 f2+ 0-1

[Event "OLNN 1718 Lübecker SV - Schachfreunde "]
[Site "?"]
[Date "2018.04.15"]
[Round "9.8"]
[White "Ehrke, Michael"]
[Black "Jaeger, Thorsten"]
[Result "1-0"]
[WhiteElo "2192"]
[BlackElo "1817"]
[PlyCount "55"]
[EventDate "2018.??.??"]

1. d4 Nf6 2. Bf4 g6 3. e3 Bg7 4. h3 O-O 5. Nf3 c5 6. c3 b6 7. Nbd2 Bb7 8. Be2
d6 9. O-O Nbd7 10. a4 a6 11. Bh2 Qc7 12. Re1 Bc6 13. Bf1 Qb7 14. c4 d5 15. Ne5
Nxe5 16. Bxe5 e6 17. cxd5 Nxd5 18. Bxg7 Kxg7 19. dxc5 bxc5 20. Nc4 Qc7 21. Qd2
f6 22. Rec1 Rfd8 23. Qa5 Qa7 24. e4 Ne7 25. e5 Nd5 26. exf6+ Kxf6 27. Nd2 Nb4
28. Rxc5 1-0

[Event "OLNN 1718 Preetzer TSV - SK Marmstorf"]
[Site "?"]
[Date "2018.04.15"]
[Round "9.1"]
[White "Hebbinghaus, Holger"]
[Black "Pedersen, Steffen"]
[Result "1/2-1/2"]
[WhiteElo "2248"]
[BlackElo "2358"]
[PlyCount "36"]
[EventDate "2018.??.??"]

1. d4 d5 2. Bf4 Nf6 3. e3 c5 4. c3 Nc6 5. Nd2 e6 6. Ngf3 Bd6 7. Bg3 O-O 8. Bd3
Re8 9. Ne5 Be7 10. f4 g6 11. Qf3 Nd7 12. O-O Nf8 13. Bf2 f6 14. Nxc6 bxc6 15.
dxc5 Bxc5 16. b4 Bd6 17. e4 Qc7 18. Bg3 f5 1/2-1/2

[Event "OLNN 1718 Preetzer TSV - SK Marmstorf"]
[Site "?"]
[Date "2018.04.15"]
[Round "9.2"]
[White "Schwarz, Frank"]
[Black "Hawellek, Jeronimo"]
[Result "1-0"]
[WhiteElo "2231"]
[BlackElo "2291"]
[PlyCount "81"]
[EventDate "2018.??.??"]

1. d4 f5 2. g3 Nf6 3. Bg2 e6 4. Nf3 d5 5. O-O Bd6 6. c4 c6 7. b3 Qe7 8. Bb2 b6
9. Qc1 Bb7 10. Ba3 c5 11. Nc3 Nbd7 12. Nb5 Bb8 13. Qc2 dxc4 14. bxc4 O-O 15.
Nd2 Bxg2 16. Kxg2 a6 17. Nc3 Bd6 18. dxc5 Nxc5 19. Rad1 Qc7 20. Nb3 Nce4 21.
Nxe4 Nxe4 22. Bxd6 Nxd6 23. c5 Ne4 24. c6 Nc5 25. Nd4 f4 26. Kg1 e5 27. Qc4+
Kh8 28. Nf3 Rae8 29. Rd5 e4 30. Nd4 e3 31. Kg2 fxg3 32. fxg3 Rxf1 33. Kxf1 Rf8+
34. Kg1 Qe7 35. Nf3 h6 36. Re5 Qf6 37. Rxe3 Kh7 38. Qc2+ g6 39. Qc4 Rf7 40. Re8
Kg7 41. c7 1-0

[Event "OLNN 1718 Preetzer TSV - SK Marmstorf"]
[Site "?"]
[Date "2018.04.15"]
[Round "9.3"]
[White "Mueller, Tobias"]
[Black "Reinecker, Kai"]
[Result "0-1"]
[WhiteElo "2112"]
[BlackElo "2249"]
[PlyCount "54"]
[EventDate "2018.??.??"]

1. c4 e6 2. g3 d5 3. Bg2 dxc4 4. Qa4+ c6 5. Qxc4 b5 6. Qc2 Bb7 7. Nc3 a6 8. a4
Nd7 9. d4 Ngf6 10. Nf3 c5 11. dxc5 b4 12. Nb1 Bxc5 13. O-O Rc8 14. Qd1 O-O 15.
Nbd2 Qe7 16. b3 Rfd8 17. Bb2 e5 18. e3 Nd5 19. Nc4 N7b6 20. Nxb6 Bxb6 21. Qe1
f6 22. Rc1 a5 23. Nd2 Rxc1 24. Qxc1 Nxe3 25. Nc4 Bxg2 26. Nxb6 Bxf1 27. fxe3
Qb7 0-1

[Event "OLNN 1718 Preetzer TSV - SK Marmstorf"]
[Site "?"]
[Date "2018.04.15"]
[Round "9.4"]
[White "Junge, Kai"]
[Black "Ramme, Christoph"]
[Result "1/2-1/2"]
[WhiteElo "2215"]
[BlackElo "2152"]
[PlyCount "32"]
[EventDate "2018.??.??"]

1. Nf3 d5 2. g3 Nc6 3. c4 d4 4. Bg2 e5 5. d3 Bb4+ 6. Nbd2 a5 7. a3 Be7 8. Rb1
Nf6 9. O-O Nd7 10. e3 O-O 11. exd4 exd4 12. Re1 Nc5 13. Ne4 Ne6 14. Ned2 Nc5
15. Ne4 Ne6 16. Ned2 Nc5 1/2-1/2

[Event "OLNN 1718 Preetzer TSV - SK Marmstorf"]
[Site "?"]
[Date "2018.04.15"]
[Round "9.5"]
[White "Mueller, Jan Hendrik"]
[Black "Willsch, Matthias"]
[Result "1/2-1/2"]
[WhiteElo "2120"]
[BlackElo "2256"]
[PlyCount "92"]
[EventDate "2018.??.??"]

1. e4 e6 2. d4 d5 3. Nd2 c5 4. exd5 exd5 5. Ngf3 Nc6 6. Bb5 Qe7+ 7. Qe2 Qxe2+
8. Kxe2 Bd7 9. dxc5 Bxc5 10. Nb3 Bb6 11. Re1 O-O-O 12. Kf1 Nge7 13. Be3 Bxe3
14. Rxe3 Nf5 15. Rd3 a6 16. Bxc6 Bxc6 17. Nfd4 Nxd4 18. Nxd4 Rhe8 19. Re1 g6
20. Rde3 Rxe3 21. Rxe3 Re8 22. Ke2 Kc7 23. Kd3 Kd6 24. b4 Bd7 25. Rxe8 Bxe8 26.
c3 Bd7 27. f4 f6 28. h3 h5 29. Nf3 Bf5+ 30. Kd4 Be4 31. Ke3 b6 32. g4 Kc6 33.
Nd4+ Kd6 34. gxh5 gxh5 35. h4 Bh7 36. Ne2 Bf5 37. Kd4 Bg4 38. Ng3 Kc6 39. Nf1
Be6 40. Ne3 Kd6 41. a4 Kc6 42. f5 Bf7 43. Ng2 Kd6 44. Nf4 Kc6 45. Ne2 Bg8 46.
Nf4 Bf7 1/2-1/2

[Event "OLNN 1718 Preetzer TSV - SK Marmstorf"]
[Site "?"]
[Date "2018.04.15"]
[Round "9.6"]
[White "Hamann, Carsten"]
[Black "Hohlbein, Michael"]
[Result "1/2-1/2"]
[WhiteElo "2143"]
[BlackElo "2077"]
[PlyCount "46"]
[EventDate "2018.??.??"]

1. e4 c5 2. b4 cxb4 3. a3 d5 4. exd5 Qxd5 5. Nf3 e5 6. c4 Qd8 7. axb4 Nc6 8.
Bb2 Bxb4 9. Nxe5 Qe7 10. Qe2 Nf6 11. Nxc6 bxc6 12. Qxe7+ Kxe7 13. Be2 Rd8 14.
O-O a5 15. Bf3 Be6 16. Rc1 Rd3 17. Bxc6 Rc8 18. Bb5 Ne4 19. Nc3 Nxc3 20. dxc3
Bc5 21. Ba3 Bxa3 22. Rxa3 Bxc4 23. Re1+ Kf6 1/2-1/2

[Event "OLNN 1718 Preetzer TSV - SK Marmstorf"]
[Site "?"]
[Date "2018.04.15"]
[Round "9.7"]
[White "Diekmann, Jens"]
[Black "Kornrumpf, Joachim"]
[Result "1-0"]
[WhiteElo "2044"]
[BlackElo "2035"]
[PlyCount "57"]
[EventDate "2018.??.??"]

1. c4 c5 2. Nc3 b6 3. e4 Bb7 4. Nge2 e6 5. g3 Nf6 6. Bg2 a6 7. O-O d6 8. d3 Qc7
9. h3 Be7 10. f4 Nbd7 11. Be3 O-O 12. g4 g6 13. Ng3 Ne8 14. g5 Ng7 15. h4 f6
16. h5 Rf7 17. Qg4 Nf8 18. f5 gxf5 19. exf5 fxg5 20. fxe6 Rxf1+ 21. Rxf1 Bxg2
22. Kxg2 h6 23. Qf3 Re8 24. Qf7+ Kh8 25. Nd5 Qb7 26. Ne4 Nfxe6 27. Nxd6 Rf8 28.
Qxf8+ Bxf8 29. Nxb7 1-0

[Event "OLNN 1718 Preetzer TSV - SK Marmstorf"]
[Site "?"]
[Date "2018.04.15"]
[Round "9.8"]
[White "Dittmann, Hans-Adolf"]
[Black "Peschke, Matthias"]
[Result "1-0"]
[WhiteElo "2072"]
[BlackElo "1996"]
[PlyCount "69"]
[EventDate "2018.??.??"]

1. e4 Nf6 2. d3 d5 3. e5 Nfd7 4. f4 e6 5. Nf3 Be7 6. g3 c5 7. Nc3 Nc6 8. Bg2
O-O 9. O-O Re8 10. a4 f6 11. exf6 Bxf6 12. f5 Nf8 13. fxe6 Bxe6 14. Nh4 Ng6 15.
Nxg6 hxg6 16. Qf3 Nd4 17. Qf2 Rf8 18. Be3 Qd7 19. Qd2 Rae8 20. Rae1 a6 21. a5
b5 22. axb6 Rb8 23. b4 Rxb6 24. bxc5 Rb2 25. Rxf6 Rxc2 26. Rxf8+ Kxf8 27. Rf1+
Kg8 28. Qe1 Nf5 29. Bg5 a5 30. Qxe6+ Qxe6 31. Bxd5 Qxd5 32. Nxd5 Rxc5 33. Ne7+
Nxe7 34. Bxe7 Rc3 35. d4 1-0

[Event "OLNN 1718 Johanneum Eppendorf - Hamburg"]
[Site "?"]
[Date "2018.04.15"]
[Round "9.1"]
[White "Gaede, Derek"]
[Black "Wedberg, Tom"]
[Result "1/2-1/2"]
[WhiteElo "2314"]
[BlackElo "2445"]
[PlyCount "69"]
[EventDate "2018.??.??"]

1. d4 Nf6 2. Nf3 g6 3. c4 Bg7 4. Nc3 d5 5. Qb3 dxc4 6. Qxc4 O-O 7. e4 Na6 8.
Be2 c5 9. d5 e6 10. O-O exd5 11. exd5 Bf5 12. Be3 Re8 13. Rad1 Qb6 14. Qb5 Bd7
15. Qb3 Ne4 16. Qxb6 axb6 17. Nxe4 Rxe4 18. Nd2 Ree8 19. Nc4 Bb5 20. b3 Nb4 21.
a4 Ba6 22. Bf3 Nc2 23. d6 Bxc4 24. bxc4 Nxe3 25. fxe3 Rxe3 26. Bd5 Bd4 27. Kh1
Rf8 28. Rxf7 Rxf7 29. Rf1 Bf6 30. d7 Rd3 31. d8=Q+ Bxd8 32. Bxf7+ Kg7 33. Bd5
Bf6 34. Bxb7 Ra3 35. Bc6 {(=)} 1/2-1/2

[Event "OLNN 1718 Johanneum Eppendorf - Hamburg"]
[Site "?"]
[Date "2018.04.15"]
[Round "9.2"]
[White "Zart, Ruediger"]
[Black "Bente, Bjoern"]
[Result "1-0"]
[WhiteElo "2211"]
[BlackElo "2216"]
[PlyCount "69"]
[EventDate "2018.??.??"]

1. e4 e6 2. d4 d5 3. Nd2 a6 4. Ngf3 c5 5. exd5 exd5 6. Be2 Nc6 7. O-O Nf6 8.
Re1 Be6 9. Bd3 Nxd4 10. Nxd4 cxd4 11. Nb3 Bb4 12. Bd2 Bxd2 13. Qxd2 O-O 14.
Nxd4 Qd6 15. h3 Rae8 16. c3 Bd7 17. Bc2 Ne4 18. Qd3 Re5 19. Nf3 Re6 20. Rad1
Bc6 21. Nd4 Re5 22. Nxc6 Qxc6 23. f3 Rfe8 24. fxe4 dxe4 25. Qe3 f5 26. Bb3+ Kh8
27. Rd2 Qf6 28. Rd5 f4 29. Rxe5 Rxe5 30. Qd4 e3 31. Bd1 h6 32. Be2 Qh4 33. Rf1
Rf5 34. Qe4 Rg5 35. Qxf4 1-0

[Event "OLNN 1718 Johanneum Eppendorf - Hamburg"]
[Site "?"]
[Date "2018.04.15"]
[Round "9.3"]
[White "Lindinger, Markus"]
[Black "Schroeder, Christoph"]
[Result "1/2-1/2"]
[WhiteElo "2251"]
[BlackElo "2195"]
[PlyCount "49"]
[EventDate "2018.??.??"]

1. d4 d5 2. c4 e6 3. Nf3 Nf6 4. e3 c5 5. a3 a6 6. dxc5 Bxc5 7. b4 Be7 8. Bb2
dxc4 9. Qxd8+ Bxd8 10. Bxc4 b5 11. Bd3 Bb7 12. Nbd2 Nbd7 13. Ke2 O-O 14. Rhc1
Rc8 15. Rxc8 Bxc8 16. Ne4 Nxe4 17. Bxe4 Nf6 18. Bc6 Be7 19. Rc1 Rd8 20. Bd4 Nd7
21. Bxd7 Bxd7 22. Rc7 Bd6 23. Ra7 Bc8 24. Be5 Bf8 25. Ra8 {(=)} 1/2-1/2

[Event "OLNN 1718 Johanneum Eppendorf - Hamburg"]
[Site "?"]
[Date "2018.04.15"]
[Round "9.4"]
[White "Behrhorst, Frank"]
[Black "Bach, Matthias"]
[Result "1-0"]
[WhiteElo "2249"]
[BlackElo "2264"]
[PlyCount "59"]
[EventDate "2018.??.??"]

1. d4 Nf6 2. c4 g6 3. f3 Bg7 4. e4 d6 5. Nc3 O-O 6. Bg5 c5 7. d5 e6 8. Qd2 exd5
9. cxd5 a6 10. a4 Re8 11. Nge2 Nbd7 12. Nc1 Qc7 13. Be2 c4 14. O-O Rb8 15. Rb1
b5 16. axb5 axb5 17. b4 Ne5 18. h3 Bd7 19. f4 Nd3 20. Nxd3 cxd3 21. Qxd3 Ng4
22. Nd1 Nh6 23. Nf2 Rbc8 24. f5 Nxf5 25. Rbc1 Qb6 26. exf5 h6 27. f6 Rxc1 28.
Rxc1 hxg5 29. fxg7 Bf5 30. Qd2 1-0

[Event "OLNN 1718 Johanneum Eppendorf - Hamburg"]
[Site "?"]
[Date "2018.04.15"]
[Round "9.5"]
[White "Schumacher, Norbert"]
[Black "Schueler, Hendrik"]
[Result "1/2-1/2"]
[WhiteElo "2160"]
[BlackElo "2121"]
[PlyCount "49"]
[EventDate "2018.??.??"]

1. d4 d5 2. Nf3 Nf6 3. e3 c5 4. c4 cxd4 5. exd4 g6 6. Nc3 Bg7 7. Bg5 Ne4 8. Bf4
Nxc3 9. bxc3 O-O 10. Be2 dxc4 11. Bxc4 Nc6 12. O-O Na5 13. Bd3 Be6 14. Qe2 Rc8
15. Rac1 Bc4 16. Rfd1 Bxd3 17. Rxd3 Nc4 18. h4 Qd5 19. Re1 Rfe8 20. Ng5 Rc6 21.
h5 h6 22. Ne4 g5 23. Bc1 Re6 24. g4 Nd6 25. Re3 {(=)} 1/2-1/2

[Event "OLNN 1718 Johanneum Eppendorf - Hamburg"]
[Site "?"]
[Date "2018.04.15"]
[Round "9.6"]
[White "Wirthgen, Peter"]
[Black "Malkiel, Daniel"]
[Result "1/2-1/2"]
[WhiteElo "2035"]
[BlackElo "2138"]
[PlyCount "111"]
[EventDate "2018.??.??"]

1. d4 e6 2. c4 Nf6 3. Nc3 Bb4 4. Qc2 O-O 5. e4 d5 6. e5 Ne4 7. Bd3 c5 8. cxd5
exd5 9. Nge2 cxd4 10. Nxd4 Nd7 11. f4 Ndc5 12. O-O Nxd3 13. Qxd3 Bxc3 14. bxc3
Qc7 15. Ba3 Rd8 16. Rac1 b6 17. f5 Qxe5 18. Nc6 Qc7 19. Nxd8 Qxd8 20. Rcd1 Bb7
21. Qd4 Qc7 22. Rf3 f6 23. Re3 Rc8 24. Rc1 Qf4 25. Rf1 Qe5 26. Qa4 Qe8 27. Rfe1
Rc4 28. Qb3 Qc8 29. Qb5 Bc6 30. Qb3 Qxf5 31. Rf3 Qc8 32. Rd3 Bb7 33. Rd4 f5 34.
Rxc4 dxc4 35. Qb4 h6 36. Qe7 Kh7 37. Qe5 Qd7 38. Rf1 Bc8 39. Bc1 Qe6 40. Qd4
Bb7 41. Bf4 Nc5 42. Qe5 Qg6 43. Bg3 Be4 44. Qd4 Nd3 45. Qe3 Qg4 46. Qd2 Qg6 47.
Bf4 Qf6 48. Be3 Qe6 49. Bd4 Bc6 50. Qe3 Qd7 51. Qg3 Be4 52. h4 f4 53. Rxf4 Nxf4
54. Qxf4 Qf5 55. Qxf5+ Bxf5 56. Kf2 1/2-1/2

[Event "OLNN 1718 Johanneum Eppendorf - Hamburg"]
[Site "?"]
[Date "2018.04.15"]
[Round "9.7"]
[White "Pajeken, Jakob Leon"]
[Black "Johannsen, Dennis"]
[Result "1-0"]
[WhiteElo "2152"]
[BlackElo "2123"]
[PlyCount "63"]
[EventDate "2018.??.??"]

1. e4 c6 2. d4 d5 3. Nd2 dxe4 4. Nxe4 Bf5 5. Ng3 Bg6 6. h4 h6 7. Nf3 Nd7 8. h5
Bh7 9. Bd3 Bxd3 10. Qxd3 e6 11. Bd2 Ngf6 12. O-O-O Qc7 13. Ne4 Nxe4 14. Qxe4
Nf6 15. Qe2 O-O-O 16. g3 Bd6 17. c4 c5 18. Bc3 cxd4 19. Nxd4 a6 20. Kb1 Qb6 21.
Rc1 Kb8 22. Rh4 Bb4 23. Bxb4 Qxb4 24. c5 Ka8 25. Nb3 Qb5 26. Qxb5 axb5 27. Rb4
Rd5 28. Rxb5 Rc8 29. Na5 Rc7 30. Nc4 Rxh5 31. Nb6+ Kb8 32. Ra5 1-0

[Event "OLNN 1718 Johanneum Eppendorf - Hamburg"]
[Site "?"]
[Date "2018.04.15"]
[Round "9.8"]
[White "Keyser, Robin"]
[Black "Baberz, Alexander"]
[Result "1-0"]
[WhiteElo "2026"]
[BlackElo "2011"]
[PlyCount "71"]
[EventDate "2018.??.??"]

1. d4 Nf6 2. Nf3 d5 3. c4 e6 4. g3 c6 5. Bg2 Be7 6. O-O O-O 7. Qc2 Nbd7 8. Nbd2
Qc7 9. e4 dxe4 10. Nxe4 Nxe4 11. Qxe4 Nf6 12. Qe2 c5 13. b3 Rb8 14. dxc5 Bxc5
15. Bf4 Bd6 16. Bxd6 Qxd6 17. Rfd1 Qc5 18. Ne5 a6 19. Rd2 b5 20. Nc6 Rb6 21.
cxb5 Qxb5 22. Qxb5 Rxb5 23. Ne7+ Kh8 24. Rad1 Bd7 25. Rxd7 Nxd7 26. Rxd7 Rc5
27. Bf1 a5 28. a4 g6 29. Bb5 Kg7 30. Nc6 Ra8 31. Rd8 Rxd8 32. Nxd8 Rc8 33. Nc6
Ra8 34. Kg2 Kf6 35. f4 Kf5 36. Kf3 1-0

[Event "OLNN 1718 SC Diogenes - Königsspringer "]
[Site "?"]
[Date "2018.04.15"]
[Round "9.1"]
[White "Pfreundt, Jakob"]
[Black "Schulenburg, Fabian"]
[Result "1-0"]
[WhiteElo "2385"]
[BlackElo "2251"]
[PlyCount "81"]
[EventDate "2018.??.??"]

1. e4 e6 2. d4 d5 3. Nd2 Nf6 4. e5 Nfd7 5. c3 c5 6. Bd3 Nc6 7. Ne2 cxd4 8. cxd4
Qb6 9. Nf3 f6 10. exf6 Nxf6 11. O-O Bd6 12. Bf4 Bxf4 13. Nxf4 O-O 14. Re1 Ne4
15. g3 Qxb2 16. Re2 Qa3 17. Bxe4 dxe4 18. Rxe4 h6 19. h4 Ne7 20. Ne5 b5 21. Qg4
Qd6 22. Nh5 Nf5 23. Rf4 Qc7 24. Qg6 a5 25. g4 Nxd4 26. Rxf8+ Kxf8 27. Qe4 Qxe5
28. Qxa8 Qc7 29. Qe4 e5 30. Qh7 Be6 31. Rd1 Qb7 32. Kh2 Bxa2 33. Nf4 Qf7 34.
Ng6+ Ke8 35. Qh8+ Qg8 36. Qxg8+ Bxg8 37. Nxe5 Nb3 38. Rd7 g5 39. Rb7 Nd4 40.
hxg5 Bd5 41. gxh6 1-0

[Event "OLNN 1718 SC Diogenes - Königsspringer "]
[Site "?"]
[Date "2018.04.15"]
[Round "9.2"]
[White "Korba, Roman"]
[Black "Zimmermann, Julian"]
[Result "0-1"]
[WhiteElo "2142"]
[BlackElo "2330"]
[PlyCount "80"]
[EventDate "2018.??.??"]

1. d4 Nf6 2. Nf3 e6 3. Bf4 c5 4. e3 d5 5. c3 Nc6 6. Nbd2 Be7 7. Bd3 Nh5 8. Be5
f6 9. Bg3 g6 10. O-O O-O 11. Re1 Bd7 12. c4 Nb4 13. Bf1 dxc4 14. Nxc4 b5 15. a3
Nd5 16. e4 Nxg3 17. hxg3 bxc4 18. exd5 exd5 19. dxc5 Be8 20. b4 cxb3 21. Qxb3
Bxc5 22. Rad1 Bf7 23. Nd4 Qb6 24. Qxb6 axb6 25. Ne6 Rfe8 26. Nxc5 Rxe1 27. Rxe1
bxc5 28. Ra1 Kf8 29. Bb5 Ke7 30. Kf1 Kd6 31. Ke2 c4 32. f4 Kc5 33. a4 Be8 34.
Bxe8 Rxe8+ 35. Kd2 d4 36. a5 d3 37. a6 Re2+ 38. Kd1 c3 39. a7 c2+ 40. Kc1 Re1+
0-1

[Event "OLNN 1718 SC Diogenes - Königsspringer "]
[Site "?"]
[Date "2018.04.15"]
[Round "9.3"]
[White "Schmidt, Jan-Peter"]
[Black "Schulenburg, Torben"]
[Result "1-0"]
[WhiteElo "2229"]
[BlackElo "2176"]
[PlyCount "65"]
[EventDate "2018.??.??"]

1. Nf3 Nf6 2. c4 g6 3. g3 Bg7 4. Bg2 O-O 5. d4 d5 6. cxd5 Nxd5 7. O-O Nb6 8.
Nc3 Nc6 9. d5 Na5 10. e4 c6 11. Bf4 cxd5 12. exd5 Bxc3 13. bxc3 Qxd5 14. Qc1
Qc5 15. Re1 Nbc4 16. Be5 f6 17. Bd4 Qc7 18. Qh6 e6 19. Rad1 Qg7 20. Qh4 g5 21.
Qe4 Qg6 22. Qe2 Re8 23. Nd2 Nxd2 24. Rxd2 e5 25. Qb5 Nc6 26. Bc5 e4 27. Qc4+
Be6 28. Qxe4 Qxe4 29. Bxe4 Rac8 30. Kg2 b6 31. Rd6 bxc5 32. Rxe6 Kg7 33. Bxc6
1-0

[Event "OLNN 1718 SC Diogenes - Königsspringer "]
[Site "?"]
[Date "2018.04.15"]
[Round "9.4"]
[White "Gottuk, Stefan"]
[Black "Dettmann, Steffen"]
[Result "1-0"]
[WhiteElo "2179"]
[BlackElo "2217"]
[PlyCount "109"]
[EventDate "2018.??.??"]

1. d4 d5 2. Bf4 Nf6 3. e3 g6 4. h3 Bg7 5. Nf3 O-O 6. Be2 c5 7. c3 Qb6 8. Qb3
Qxb3 9. axb3 cxd4 10. exd4 Nc6 11. b4 Bf5 12. b5 Nd8 13. Ne5 Nd7 14. Nxd7 Bxd7
15. Na3 Re8 16. O-O Ne6 17. Bh2 Ng5 18. Nc2 Ne4 19. Ne3 e6 20. Ra2 Nd2 21. Rd1
Nc4 22. Bxc4 dxc4 23. Nxc4 Bf8 24. Na5 Bxb5 25. Nxb7 Bc4 26. Raa1 Bd5 27. Na5
Rec8 28. Bf4 Be7 29. f3 Bd8 30. Kf2 f6 31. Ke2 g5 32. Bg3 Kf7 33. Kd3 Bxa5 34.
Rxa5 a6 35. Ra3 h5 36. Rd2 g4 37. fxg4 hxg4 38. hxg4 Rg8 39. Bf4 Rxg4 40. g3 e5
41. dxe5 fxe5 42. Bxe5 a5 43. Bf4 Rg6 44. c4 Bc6 45. b3 Bd7 46. Kc3 Ke8 47. Rd5
Rga6 48. Bc7 a4 49. b4 Rc6 50. Bf4 Rac8 51. Rd4 Be6 52. c5 Bb3 53. Bd6 Ra6 54.
b5 Ra7 55. Kb4 1-0

[Event "OLNN 1718 SC Diogenes - Königsspringer "]
[Site "?"]
[Date "2018.04.15"]
[Round "9.5"]
[White "Borgmeyer, Max"]
[Black "Laqua, Christian"]
[Result "1-0"]
[WhiteElo "2206"]
[BlackElo "2131"]
[PlyCount "41"]
[EventDate "2018.??.??"]

1. e4 Nf6 2. e5 Nd5 3. c4 Nb6 4. d4 d6 5. exd6 exd6 6. Nc3 Be7 7. Be3 O-O 8.
Bd3 Na6 9. a3 c6 10. Qc2 g6 11. Nf3 Nc7 12. h4 d5 13. c5 Nc4 14. h5 Nxe3 15.
fxe3 Bf6 16. hxg6 fxg6 17. Bxg6 hxg6 18. Qxg6+ Bg7 19. Qh7+ Kf7 20. Ne5+ Ke6
21. Qxg7 1-0

[Event "OLNN 1718 SC Diogenes - Königsspringer "]
[Site "?"]
[Date "2018.04.15"]
[Round "9.6"]
[White "Woelk, Tom-Frederic"]
[Black "Harder, Clemens"]
[Result "0-1"]
[WhiteElo "2191"]
[BlackElo "2176"]
[PlyCount "56"]
[EventDate "2018.??.??"]

1. e4 e5 2. Nf3 Nc6 3. Bb5 a6 4. Ba4 d6 5. c3 f5 6. exf5 Bxf5 7. O-O Be7 8. Re1
Nf6 9. d4 e4 10. Nh4 Bg4 11. f3 exf3 12. Nxf3 O-O 13. Bg5 h6 14. Bh4 Nd5 15.
Bxe7 Ncxe7 16. Nbd2 Nf4 17. Qb3+ d5 18. Qxb7 Rb8 19. Qxa6 Bxf3 20. gxf3 Nf5 21.
Qf1 Rxb2 22. Rad1 Qh4 23. Bd7 Rf6 24. Bxf5 Rxf5 25. Re5 Rf6 26. a4 Nh3+ 27. Kg2
Rg6+ 28. Kh1 Nf2+ 0-1

[Event "OLNN 1718 SC Diogenes - Königsspringer "]
[Site "?"]
[Date "2018.04.15"]
[Round "9.7"]
[White "Lampe, Joerg"]
[Black "Rieling, Thomas"]
[Result "1-0"]
[WhiteElo "2120"]
[BlackElo "2088"]
[PlyCount "73"]
[EventDate "2018.??.??"]

1. e4 e5 2. Nf3 Nc6 3. d4 exd4 4. Nxd4 Nf6 5. Nc3 Bb4 6. Nxc6 bxc6 7. Bd3 d5 8.
exd5 cxd5 9. O-O O-O 10. Bg5 c6 11. Qf3 Be7 12. h3 h6 13. Bf4 Be6 14. Rfd1 Qb6
15. b3 Kh8 16. Na4 Qa5 17. c3 Rac8 18. Bc2 Qa6 19. b4 Ne4 20. Qe3 Rfe8 21. f3
Ng5 22. h4 Nh7 23. Bxh6 Bxh4 24. Nc5 Qb6 25. Qd3 g6 26. Be3 Bf5 27. Bd4+ Bf6
28. Bxf6+ Nxf6 29. Qd4 Bxc2 30. Qxf6+ Kg8 31. Rd2 Bf5 32. g4 Qc7 33. Rg2 Re3
34. gxf5 Rce8 35. Ne6 Qe5 36. Qxe5 Rxe5 37. Nd4 1-0

[Event "OLNN 1718 SC Diogenes - Königsspringer "]
[Site "?"]
[Date "2018.04.15"]
[Round "9.8"]
[White "Kilic, Oguz"]
[Black "Kipke, Kevin"]
[Result "1-0"]
[WhiteElo "2030"]
[BlackElo "1689"]
[PlyCount "53"]
[EventDate "2018.??.??"]

1. e4 c5 2. Nc3 Nc6 3. g3 g6 4. Bg2 Bg7 5. d3 e6 6. Nh3 d6 7. Be3 b6 8. O-O
Nge7 9. Qd2 h6 10. f4 d5 11. Nd1 Ba6 12. e5 d4 13. Bf2 O-O 14. b3 Kh7 15. g4
Rc8 16. Bh4 Qd7 17. Nhf2 Nd5 18. Ne4 f6 19. exf6 Nxf6 20. Nxf6+ Bxf6 21. Bxf6
Rxf6 22. Nf2 Rf7 23. Ne4 Kg7 24. h4 Ne7 25. h5 gxh5 26. g5 Nf5 27. Nf6 1-0

[Event "OLNN 1718 SV Bargteheide - Schachfreund"]
[Site "?"]
[Date "2018.04.15"]
[Round "9.1"]
[White "Danielsen, Henrik"]
[Black "Wolter, Jens"]
[Result "1-0"]
[WhiteElo "2500"]
[BlackElo "2152"]
[PlyCount "93"]
[EventDate "2018.??.??"]

1. Nf3 c5 2. g3 Nc6 3. Bg2 g6 4. O-O Bg7 5. d3 Nf6 6. Nc3 O-O 7. a3 Rb8 8. e4
d6 9. h3 Bd7 10. Be3 e5 11. b4 b6 12. b5 Nd4 13. a4 Nxf3+ 14. Qxf3 Be6 15. Kh2
Nd7 16. Ra3 f5 17. exf5 gxf5 18. Qe2 Qf6 19. f4 Kh8 20. Nd5 Qd8 21. c4 Nf6 22.
fxe5 dxe5 23. Bg5 Bxd5 24. Bxd5 Ng4+ 25. hxg4 Qxg5 26. gxf5 Rxf5 27. Rxf5 Qxf5
28. Be4 Qg5 29. Ra1 Rf8 30. Kg2 Rf6 31. Rh1 Rh6 32. Rxh6 Qxh6 33. Bf5 Qf6 34.
Qh5 h6 35. Kf3 Bf8 36. Ke4 Kg7 37. Qe8 Be7 38. Qb8 Qd6 39. Qxa7 Kf6 40. Qd7
Qd4+ 41. Qxd4 exd4 42. g4 Bd8 43. Bc8 Kg5 44. Kd5 Kf4 45. Kc6 Ke3 46. Bf5 Kd2
47. Kd7 1-0

[Event "OLNN 1718 SV Bargteheide - Schachfreund"]
[Site "?"]
[Date "2018.04.15"]
[Round "9.2"]
[White "zum Felde, Michael"]
[Black "Kesten, Sebastian"]
[Result "1/2-1/2"]
[WhiteElo "2131"]
[BlackElo "2290"]
[PlyCount "87"]
[EventDate "2018.??.??"]

1. c4 e5 2. g3 Nc6 3. Bg2 g6 4. Nc3 Bg7 5. Nf3 d6 6. d3 f5 7. O-O Nf6 8. Nd5 h6
9. e4 O-O 10. Nh4 Kh7 11. exf5 gxf5 12. Nxf6+ Qxf6 13. f4 Bd7 14. Bd2 Nd4 15.
Bc3 Bc6 16. Bxc6 bxc6 17. Bxd4 exd4 18. Qf3 c5 19. Rfe1 Rae8 20. Rad1 Re3 21.
Qh5 Qf7 22. Qxf7 Rxf7 23. Kf2 c6 24. b3 a5 25. Rxe3 dxe3+ 26. Kxe3 Bc3 27. Rc1
Bb4 28. Rc2 Kg7 29. Kf3 Kf6 30. Re2 Rf8 31. h3 h5 32. Kf2 a4 33. Nf3 axb3 34.
axb3 Bc3 35. Ng5 Rb8 36. Re6+ Kg7 37. Rxd6 Rxb3 38. Nf3 Rb2+ 39. Ke3 Rg2 40.
Nh4 Bd4+ 41. Rxd4 cxd4+ 42. Kxd4 Rh2 43. Nxf5+ Kf6 44. Ke4 1/2-1/2